Materiály pre tkanivové inžinierstvo na báze biopolymérov diplomová práca

Gespeichert in:
Bibliographische Detailangaben
1. Verfasser: Štilla, Martin
Format: Buch
Sprache:Slowakisch
Veröffentlicht: Bratislava STU FCHPT 2017
Online-Zugang:Im OPAC anzeigen
Tags: Tag hinzufügen
Keine Tags, Fügen Sie das erste Tag hinzu!

MARC

LEADER 00000nam a2200000 a 4500
005 20260127134307.0
008 170912 2017 xo 001 0 slo d
035 |a vtls011710551 
039 9 |y 201709121046  |z mschk03 
040 |a STUSCHK1  |b slo  |c STUSCHK1  |e AACR2 
100 1 |a Štilla, Martin 
245 1 |a Materiály pre tkanivové inžinierstvo na báze biopolymérov  |b diplomová práca  |c Martin Štilla 
260 |a Bratislava  |b STU FCHPT  |c 2017 
300 |a 67 s.  |b il.  |c 25 cm 
500 |a Študijný program: prírodné a syntetické polyméry 
500 |a Študijný odbor: chemické technológie 
500 |a Školiace pracovisko: Oddelenie plastov, kaučuku a vlákien 
500 |a Evid. číslo: FCHPT-13576-43622 
910 |a SCHK95 
999 |c 9028  |d 9028